| 000 | 00374nam a22001457a 4500 | ||
|---|---|---|---|
| 020 | _a9780071122818 | ||
| 040 | _cNUST | ||
| 082 | _a621.815 ULL | ||
| 100 |
_aUllman, David G. _956181 |
||
| 245 | _aThe Mechanical Design Process | ||
| 250 | _aThird Edition | ||
| 260 |
_aBoston: _bMcGraw Hill, _c2003 |
||
| 650 |
_aThe Mechanical Design Process _9112288 |
||
| 942 |
_2ddc _cBK |
||
| 999 |
_c595473 _d595473 |
||